Los vidrios: propiedades, tecnologías de fabricación y aplicaciones
Kaydedildi:
| Yazar: | |
|---|---|
| Materyal Türü: | Kitap |
| Dil: | İspanyolca |
| Baskı/Yayın Bilgisi: |
Buenos Aires
Américalee
1982
|
| Konular: | |
| Etiketler: |
Etiketle
Etiket eklenmemiş, İlk siz ekleyin!
|
MARC
| LEADER | 00000nam a2200000 a 4500 | ||
|---|---|---|---|
| 001 | UCW2023 | ||
| 003 | CL-VaPUC | ||
| 008 | 900816e19820000AG |||||||||||||||||spa|d | ||
| 082 | 0 | 4 | |a 666.1 |b MAR |2 21 |
| 100 | |a Mari, Eduardo Ambrosio |e autor |9 529721 | ||
| 245 | 1 | 4 | |a Los vidrios: propiedades, tecnologías de fabricación y aplicaciones |
| 300 | |a 447 p | ||
| 942 | |c BK | ||
| 945 | |d 19900816 00:00:00 | ||
| 260 | |a Buenos Aires |b Américalee |c 1982 | ||
| 650 | 0 | |a Fabricación del vidrio |9 271667 | |
| 583 | |a last modification |c 19900816 00:00:00 |k Rodrigo Vera | ||
| 999 | |c 216688 |d 216686 | ||